Роль молодежи в становлении малого и среднего предпринимательства; Социально-экономические преобразования в России; Вып. 7

Opis bibliograficzny
Parent link:Социально-экономические преобразования в России: сборник научных трудов.— , 2014
Вып. 7.— 2014.— С. 94-99
1. autor: Лощилова М. А. Марина Андреевна
Korporacja: Национальный исследовательский Томский политехнический университет (ТПУ) Юргинский технологический институт (филиал) (ЮТИ) Кафедра экономики и автоматизироанных систем управления (ЭАСУ)
Kolejni autorzy: Сидорова О. П. Ольга Павловна, Окоркова О. А.
Streszczenie:В фонде НТБ ТПУ отсутствует
Język:rosyjski
Wydane: 2014
Hasła przedmiotowe:
Format: Rozdział
KOHA link:https://koha.lib.tpu.ru/cgi-bin/koha/opac-detail.pl?biblionumber=602265

MARC

LEADER 00000naa0a2200000 4500
001 602265
005 20250909135238.0
035 |a (RuTPU)RU\TPU\tpu\27766 
035 |a RU\TPU\tpu\27746 
090 |a 602265 
100 |a 20150903d2014 k y0rusy50 ca 
101 0 |a rus 
102 |a RU 
200 1 |a Роль молодежи в становлении малого и среднего предпринимательства  |f М. А. Лощилова, О. П. Сидорова, О. А. Окоркова 
333 |a В фонде НТБ ТПУ отсутствует 
461 1 |t Социально-экономические преобразования в России  |o сборник научных трудов  |d 2014 
463 1 |t Вып. 7  |f Кемеровский государственный университет (КемГУ) ; Кузбасский центр СО АН ВШ ; [отв. ред. В. А. Шабашев]  |v С. 94-99  |d 2014 
610 1 |a труды учёных ТПУ 
610 1 |a молодежь 
610 1 |a рынок труда 
610 1 |a малое предпринимательство 
700 1 |a Лощилова  |b М. А.  |c специалист в области права  |c старший преподаватель Юргинского технологического института Томского политехнического университета  |f 1983-  |g Марина Андреевна  |3 (RuTPU)RU\TPU\pers\30366  |9 14711 
701 1 |a Сидорова  |b О. П.  |c экономист  |c старший преподаватель Юргинского технологического факультета Томского политехнического университета  |f 1973-  |g Ольга Павловна  |3 (RuTPU)RU\TPU\pers\25125 
701 1 |a Окоркова  |b О. А. 
712 0 2 |a Национальный исследовательский Томский политехнический университет (ТПУ)  |b Юргинский технологический институт (филиал) (ЮТИ)  |b Кафедра экономики и автоматизироанных систем управления (ЭАСУ)  |3 (RuTPU)RU\TPU\col\18900 
801 1 |a RU  |b 63413507  |c 20150824 
801 2 |a RU  |b 63413507  |c 20150903  |g RCR 
942 |c BK